000 00725nam a22002057a 4500
999 _c19547
_d19547
003 AR-CdUCM
008 190311b ||||| |||| 00| 0 spa d
040 _aMUNICIPALIDAD PROVINCIAL DEL CUSCO
_cBIBLIOTECA MUNICIPAL DEL CUSCO
082 _a194 /
_bV68
100 _aVillorio, Luis
_940951
245 _aLa idea y el ente en la filosofía de Descartes /
260 _aMéxico :
_bFondo de cultura económica,
_c1965.
300 _a163 paginas ;
_c25 cm.
505 _aContenido : Idea ente y presencia -- La demostración del principio -- El encubrimiento del principio...
650 _aPrejuicios
_940952
650 _aEnte y presencia
_940953
650 _aLa deducción
_940954
942 _2ddc
_cLIBROS
945 _arcc